[Event "XII Figueira da Foz Open 2018"]
[Site "Figueira da Foz"]
[Date "2018.10.31"]
[Round "4"]
[White "Ferreira, Cristina"]
[Black "Lopez de Turiso, Jose Angel"]
[Result "0-1"]
[WhiteElo "1069"]
[BlackElo "1933"]
[Annotator "NA RC"]
[PlyCount "88"]
[EventDate "2018.10.30"]
[EventType "swiss"]
[EventCountry "POR"]
[SourceTitle "playchess.com"]
[Source "ChessBase"]
[SourceQuality "1"]
[TimeControl "40/5400+30:1800+30"]

1. d4 {[%emt 0:00:00]} f5 {[%emt 0:00:53]} 2. c4 {[%emt 0:01:02]} Nf6 {[%emt 0:00:13]} 3. Nf3 {[%emt 0:01:03]} d6 {[%emt 0:02:23]} 4. Bg5 {[%emt 0:03:23]} Nbd7 {[%emt 0:04:01]} 5. e3 {[%emt 0:02:32]} Ne4 {[%emt 0:04:10]} 6. Bh4 {[%emt 0:02:53]} g6 {[%emt 0:03:07]} 7. Be2 {[%emt 0:04:26]} Bg7 {[%emt 0:00:41]} 8. Nbd2 {[%emt 0:05:36]} Nxd2 {[%emt 0:05:31]} 9. Qxd2 {[%emt 0:00:31]} O-O {[%emt 0:00:51]} 10. O-O {[%emt 0:02:41]} Qe8 {[%emt 0:01:13]} 11. Rac1 {[%emt 0:09:47]} e5 {[%emt 0:06:00]} 12. c5 {[%emt 0:03:06]} dxc5 {[%emt 0:02:10]} 13. dxc5 {[%emt 0:00:53]} h6 {[%emt 0:07:07]} 14. Bc4+ {[%emt 0:04:20]} Kh8 {[%emt 0:00:48]} 15. Ng5 {[%emt 0:04:55]} hxg5 {[%emt 0:02:59]} 16. Bxg5 {[%emt 0:07:37]} Nxc5 {[%emt 0:02:12]} 17. f3 {[%emt 0:02:19]} Be6 {[%emt 0:02:57]} 18. Qf2 {[%emt 0:05:12]} Kg8 {[%emt 0:01:18]} 19. Qh4 {[%emt 0:04:34]} Kf7 {[%emt 0:00:40]} 20. Rfd1 {[%emt 0:04:13]} (20. Be2 $142 Rh8 21. Qg3) 20... Rh8 {[%emt 0:02:15]} 21. Qf2 {[%emt 0:04:45]} Bxc4 {[%emt 0:01:46]} 22. Rxc4 {[%emt 0:02:27]} Ne6 {[%emt 0:00:27]} 23. Bh4 {[%emt 0:02:24]} Bf6 {[%emt 0:05:04]} 24. Bxf6 {[%emt 0:02:53]} Kxf6 {[%emt 0:00:06]} 25. Qg3 {[%emt 0:00:47]} Rd8 {[%emt 0:02:10]} 26. Rcc1 {[%emt 0:01:39]} c6 {[%emt 0:04:13]} 27. Qe1 {[%emt 0:02:13]} Qe7 {[%emt 0:08:51]} 28. e4 {[%emt 0:01:18]} f4 {[%emt 0:06:24]} 29. Qf2 {[%emt 0:00:14]} Rxd1+ {[%emt 0:02:28]} 30. Rxd1 {[%emt 0:00:28]} Qc5 {[%emt 0:02:52]} 31. Qxc5 {[%emt 0:00:57]} Nxc5 {[%emt 0:00:05]} 32. Rd6+ {[%emt 0:00:20]} Ne6 {[%emt 0:02:44]} 33. g4 {[%emt 0:00:30]} Rd8 {[%emt 0:01:17]} 34. Rxd8 {[%emt 0:02:08]} Nxd8 {[%emt 0:00:05]} 35. h4 {[%emt 0:00:45]} Ne6 {[%emt 0:00:44]} 36. Kg2 {[%emt 0:01:32]} c5 {[%emt 0:01:57]} 37. Kh3 {[%emt 0:00:21]} b5 {[%emt 0:00:48]} 38. g5+ {[%emt 0:01:02]} Ke7 {[%emt 0:01:34]} 39. b3 {[%emt 0:01:40]} c4 {[%emt 0:00:16]} 40. Kg4 {[%emt 0:00:00]} c3 {[%emt 0:00:00]} 41. h5 {[%emt 0:03:39]} c2 {[%emt 0:00:39]} 42. hxg6 {[%emt 0:02:17]} c1=Q {[%emt 0:00:12]} 43. Kf5 {[%emt 0:02:05]} Qg1 {[%emt 0:00:17]} 44. g7 {[%emt 0:02:31]} Qxg5# 0-1

[Event "XII Figueira da Foz Open 2018"]
[Site "Figueira da Foz"]
[Date "2018.11.01"]
[Round "5"]
[White "Del Rio De Angelis, Salvador G."]
[Black "Jakubowski, Krzysztof"]
[Result "1/2-1/2"]
[WhiteElo "2547"]
[BlackElo "2511"]
[Annotator "TA"]
[PlyCount "137"]
[EventDate "2018.10.30"]
[EventType "swiss"]
[EventCountry "POR"]
[SourceTitle "playchess.com"]
[Source "ChessBase"]
[SourceQuality "1"]

{[%evp 23,137,19,29,34,28,30,22,23,41,27,41,21,48,8,22,31,12,6,33,13,32,17,50,42,58,15,12,6,7,6,6,6,6,8,71,0,0,0,0,0,0,-7,-2,-22,-19,-18,7,7,12,12,35,35,35,35,35,35,41,35,41,41,42,42,53,35,35,35,42,42,42,42,49,49,49,49,42,50,50,50,50,50,50,50,50,50,100,100,100,100,100,100,100,100,100,100,100,100,83,83,100,100,177,177,184,184,200,214,221,229,229,229,229,221,221,222,225,0]} 1. d4 Nf6 2. c4 e6 3. Nc3 d5 4. Bg5 Be7 5. e3 Nbd7 6. Nf3 O-O 7. Rc1 a6 8. cxd5 exd5 9. Bd3 Re8 10. O-O c6 11. Qc2 Nf8 12. Rfe1 g6 {LiveBook: 5 Games. D65: Queen's Gambit Declined: Classical: 7 Rc1 c6 8 Qc2 a6 9 cxd5} 13. h3 Ne6 14. Bh6 Ng7 {White has an edge.} 15. Qb3 Rb8 $146 ({Predecessor:} 15... Nd7 16. e4 dxe4 17. Rxe4 Nf5 18. Qxf7+ {1-0 (18) Lobron,E (2570)-Sjodahl,P (2385) New York 1994}) 16. Na4 Bd6 17. Nc5 Ne6 18. e4 dxe4 19. Nxe4 Nxe4 20. Rxe4 Bd7 21. Ne5 Bxe5 22. dxe5 c5 23. Bc4 Bc6 24. Bxe6 (24. Re2 {keeps more tension.} Qe7 25. Bxe6 Qxe6 26. Qxe6 Rxe6 27. Rxc5 f6 28. Re3) 24... Rxe6 25. Rf4 Qd5 $132 {[%mdl 2048] Black puts up resistance} 26. Qxd5 Bxd5 27. Rxc5 Rxe5 28. Kh2 b6 {[#]} (28... Rbe8 $11) 29. Rc3 (29. Rb4 $1 $16) 29... Rh5 $11 30. Rd4 {And now Bf4 would win.} Bxa2 31. Bf4 Ra8 32. Bc7 Rb5 33. Rd8+ Rxd8 34. Bxd8 {[%mdl 4096] Endgame KRB-KRB} Kg7 ({Inferior is} 34... Rxb2 35. Bf6 Be6 36. Rd3 Bd7 37. Rxd7 Rd2 38. Rxd2 h6 39. Rd8+ Kh7 40. Rh8#) 35. Rc6 Be6 36. Bxb6 Kf8 {[#]} 37. b4 $1 {[%mdl 512]} Ke8 (37... Rxb4 38. Bc5+) 38. Ba5 Bd5 39. Rxa6 h5 40. Rf6 Ke7 41. Rf4 Bc6 42. Rd4 Rd5 43. Rc4 Bb5 44. Rc7+ Rd7 45. Rc5 Rb7 46. Kg3 Ke6 47. f3 Bd7 48. h4 Rb5 49. Rc4 Rd5 50. Bb6 Bb5 51. Rc2 f6 52. Be3 g5 53. Rc8 Rd3 54. hxg5 Bd7 55. Rf8 Rxe3 $16 {[#] KRB-KR} 56. g6 $1 {[%cal Rg6g7]} ({Don't play} 56. Rxf6+ $6 Ke5 $11) 56... Ke7 ({But not} 56... Re5 $2 57. f4 $18) 57. g7 Be6 58. g8=Q Bxg8 59. Rxg8 {KR-KR} Rb3 60. Rb8 Rb2 61. b5 {[%cal Bb4b5,Bb5b6,Bb6b7][%mdl 32]} Kf7 (61... Rb4 $16 {keeps fighting.} 62. b6 Ke6) 62. b6 $18 {Strongly threatening b7.White is clearly better.} Kg7 63. b7 {Kh4 is the strong threat.} Rb4 64. Kh3 Rb1 65. Kh4 Rh1+ 66. Kg3 Rb1 67. f4 Rb4 68. Kh3 Rb1 69. Kg3 $2 {Precision: White = 66%, Black = 61%.} (69. Kh4 $18 Rh1+ 70. Kg3) 1/2-1/2

[Event "XII Figueira da Foz Open 2018"]
[Site "Figueira da Foz"]
[Date "2018.11.01"]
[Round "5"]
[White "Stella, Andrea"]
[Black "Alshameary Puente, Ismael"]
[Result "1/2-1/2"]
[WhiteElo "2500"]
[BlackElo "2369"]
[Annotator "TA"]
[PlyCount "149"]
[EventDate "2018.10.30"]
[EventType "swiss"]
[EventCountry "POR"]
[SourceTitle "playchess.com"]
[Source "ChessBase"]
[SourceQuality "1"]

{[%evp 18,149,28,15,27,0,0,7,8,6,21,0,0,0,9,8,62,62,62,62,62,62,62,62,62,62,62,62,62,62,62,62,64,59,96,66,75,75,75,53,53,53,60,53,53,53,53,53,75,75,75,53,60,0,53,53,53,0,53,0,53,37,53,17,75,49,60,60,75,52,61,61,95,95,95,95,95,95,95,95,95,95,95,95,95,95,95,95,95,95,95,95,95,95,95,95,95,95,95,95,95,95,95,95,95,0,0,0,0,0,0,0,0,0,0,0,0,0,0,0,0,0,0,0,0,0,0,0,0,0,0,0,0,0]} 1. d4 Nf6 2. c4 g6 3. Nf3 Bg7 4. g3 O-O 5. Bg2 d6 6. Nc3 c5 7. O-O Nc6 8. dxc5 dxc5 9. Be3 b6 {E65: Königsindisch (Jugoslawische Variante)} (9... Be6 10. Qa4 Nd4 11. Rad1 Bd7 12. Qa3 Nc2 13. Qxc5 b6 14. Qg5 h6 15. Qf4 g5 16. Qe5 Rc8 17. Nd5 Nxd5 18. Qxd5 Nxe3 19. fxe3 {½-½ (46) Le,Q (2739)-Jumabayev,R (2602) Ashkhabad 2017}) 10. Qc1 {LiveBook: 5 Partien} Be6 $146 ({Vorgänger:} 10... Bb7 11. Rd1 Qc8 12. Bh6 Rd8 13. Nd5 Qf5 14. Bxg7 Kxg7 15. Qc3 Rab8 16. a3 Kg8 17. Nxe7+ Nxe7 18. Rxd8+ Rxd8 {½-½ (115) Stefanova,A (2481)-Muradli,M (2398) Batumi 2018}) 11. b3 Qc8 12. Bh6 Bh3 13. Bxg7 Kxg7 14. Rd1 Bxg2 15. Kxg2 Qb7 16. Nd5 Nd4 (16... Rae8 $11) 17. Nxd4 $14 cxd4 18. Qg5 $36 {[%mdl 2048] Weiss hat Druck.} Nxd5 19. Qxd5 Qxd5+ 20. cxd5 {[%mdl 4096] Endspiel KTT-KTT} Rfc8 21. Rxd4 Rc2 22. Re4 Rd8 23. Rxe7 {Droht stark e4.} Rxd5 24. a4 Rdd2 25. Re1 Rb2 26. Re3 h5 27. h4 Rbc2 28. f3 a5 29. Kf2 Rd5 30. Rb1 b5 31. axb5 Rxb5 32. Ra1 Kf6 33. Ra4 Kg7 34. Re7 {Tf4 ist eine echte Drohung.} Kf8 35. Re3 (35. Rae4 $14) 35... Rb2 (35... Kg7 $11) 36. Ra3 Kg7 37. Ke1 (37. Ra1 $14) 37... Rd5 (37... Rb1+ $11 38. Kf2 Rb2) 38. Kf2 Rb5 $1 39. f4 Kf6 40. Kf3 Rb4 (40... Kf5 $11 {bleibt in der Remisbreite.}) 41. Rd3 Ke6 42. Rxa5 {[#] Und Ta6+ würde nun gewinnen.} R4xb3 43. Rg5 Rb5 44. Ra3 Rxg5 45. hxg5 {KT-KT} Rb6 46. Re3+ Kd6 47. g4 hxg4+ 48. Kxg4 Rb1 49. Re5 Rf1 50. Kg3 Rg1+ 51. Kf3 Rf1+ 52. Ke4 Ra1 53. e3 Ra3 54. Kf3 Ra1 55. Re4 Rb1 56. Ra4 Ke6 57. Ra7 Rb4 58. Ra3 Rb6 59. e4 Rb1 60. Ra6+ Ke7 61. f5 ({Lieber} 61. e5 $16) 61... gxf5 $11 {Die Stellung ist ausgeglichen.} 62. exf5 Rf1+ 63. Ke4 Re1+ 64. Kd4 Rg1 65. Ra7+ Kd6 66. Ra6+ Ke7 67. Ra7+ Kd6 68. Rxf7 Rxg5 69. Rf6+ Ke7 70. Ke5 Rg1 {[#] zielt auf ...Te1+ ab.} 71. Rg6 Re1+ 72. Kf4 Rf1+ 73. Ke5 Re1+ 74. Kf4 Rf1+ 75. Ke4 {Precision: Weiß = 63%, Schwarz = 69%.} 1/2-1/2

[Event "XII Figueira da Foz Open 2018"]
[Site "Figueira da Foz"]
[Date "2018.11.01"]
[Round "5"]
[White "Perez Garcia, Rodney Oscar"]
[Black "Fernandes, Ricardo Paulos"]
[Result "1-0"]
[WhiteElo "2362"]
[BlackElo "2098"]
[Annotator "ChessBase"]
[PlyCount "95"]
[EventDate "2018.10.30"]
[EventType "swiss"]
[EventCountry "POR"]
[SourceTitle "playchess.com"]
[Source "ChessBase"]
[SourceQuality "1"]
[TimeControl "40/5400+30:1800+30"]

1. e4 d6 2. d4 Nf6 3. Nc3 g6 4. Nf3 Bg7 5. Be2 O-O 6. O-O c6 7. Re1 Qc7 8. Bf4 Nh5 9. Bg5 h6 10. Be3 e5 11. Qd2 Kh7 12. Rad1 Be6 13. d5 cxd5 14. Nb5 Qe7 15. exd5 Bc8 16. Nxa7 f5 17. Qb4 f4 18. Nxc8 Rxc8 19. Bd3 fxe3 20. Qg4 Qe8 21. Bxg6+ Qxg6 22. Qxc8 e4 23. Nh4 exf2+ 24. Kxf2 Qf6+ 25. Qf5+ Qxf5+ 26. Nxf5 Be5 27. Rxe4 Kg6 28. Nh4+ Kh7 29. Rb4 Ra7 30. Nf3 Bf6 31. Rb6 Be7 32. Re1 Bf8 33. Nd4 Nd7 34. Rb5 Ne5 35. Ne6 Be7 36. Re4 Nf6 37. Reb4 Kg6 38. Rxb7 Rxb7 39. Rxb7 Nxd5 40. a4 Kf5 41. Nd4+ Ke4 42. Nf3 Nc4 43. b4 Bf6 44. a5 Bc3 45. a6 Bxb4 46. a7 Ncb6 47. c4 Nc3 48. Rxb6 1-0

[Event "XII Figueira da Foz Open 2018"]
[Site "Figueira da Foz"]
[Date "2018.11.01"]
[Round "5"]
[White "Martin Duque, Jesus"]
[Black "Margarido, Jose Miguel Teixeir"]
[Result "1-0"]
[WhiteElo "2354"]
[BlackElo "2121"]
[Annotator "TA"]
[PlyCount "127"]
[EventDate "2018.10.30"]
[EventType "swiss"]
[EventCountry "POR"]
[SourceTitle "playchess.com"]
[Source "ChessBase"]
[SourceQuality "1"]

{[%evp 27,127,0,0,-40,-25,-34,-53,-50,2,-23,-12,-29,-2,-40,-42,-66,-66,-127,-54,-57,-58,-66,-50,-47,-48,-70,30,29,52,60,69,49,72,45,57,5,22,23,91,0,23,23,23,23,33,29,31,32,43,23,35,29,38,0,94,103,244,254,249,251,247,216,242,179,329,308,544,531,435,505,663,651,586,349,326,348,331,335,335,312,391,314,364,310,405,397,614,602,585,559,1252,1199,29973,29974,29980,29981,29984,29985,29987,29988,29988,29989]} 1. e4 c5 2. Nf3 e6 3. d4 cxd4 4. Nxd4 Nc6 5. Nc3 a6 6. Be2 Qc7 7. Be3 Nf6 8. O-O Be7 9. f4 d6 10. a4 O-O 11. Kh1 Nxd4 12. Qxd4 Bd7 13. e5 {B85: Sicilian Scheveningen: 6 Be2 a6, lines with early Be3} (13. a5 Bc6 14. Bf3 Rac8 15. Qd3 Nd7 16. Rfd1 Rfe8 17. Qd2 h6 18. Ne2 Nf6 19. Bb6 Qb8 20. Nc3 Nd7 {0-1 (44) Movsesian,S (2647)-Potkin,V (2574) Riadh 2017}) 13... Ne8 14. Bd3 Bc6 {LiveBook: 12 Games} 15. Bd2 {The position is equal.} Rd8 16. Qe3 {[#]} dxe5 $146 ({Predecessor:} 16... g6 17. Rae1 Ng7 18. exd6 Bxd6 19. Ne4 Be7 20. Bc3 Nh5 {0-1 (32) Coro,L (2147)-Barbosa,E (2518) Florianopolis 2018}) 17. fxe5 Bc5 (17... g6 $15) 18. Qg3 Bd4 19. Rae1 (19. Bg5 $5 {[%cal Rg3h4]} Rd7 20. Rae1 $11) 19... Rd7 20. Qh4 {[%csl Gd3][%cal Rh4h7]} g6 $1 21. Qg5 Ng7 22. Rf4 {[#]} ({White should try} 22. Qf6 $15) 22... h5 (22... Nf5 $1 $17 {[%mdl 512]} 23. Bxf5 exf5 24. Rxf5 Re8) 23. Rff1 $15 Re8 24. Bf4 Bxc3 25. bxc3 Qd8 ({Stronger than} 25... Bxa4 26. Qh6 $16) 26. Qg3 h4 ({Black should play} 26... Nf5 $15 27. Bxf5 exf5) 27. Qg4 $11 Rxd3 28. cxd3 Qxd3 {Strongly threatening ...h3.} 29. Qxh4 Nf5 30. Qg5 Qxc3 31. Bd2 (31. h4 $14) 31... Qd4 32. a5 Rd8 {[#]} (32... Re7 $11 {keeps the balance.}) 33. Be3 (33. Bc3 $1 $16 {[%cal Rc3d4]} Qd3 34. Rxf5 exf5 35. e6 Qxc3 36. Qxd8+ Kg7 37. Qd1 (37. Rg1 Qb2 $11)) 33... Qd3 34. Bb6 Rd7 35. Kg1 Qc2 36. Rf2 $36 {[%mdl 2048] White has the initiative.} Qc3 37. Qc1 Qd3 38. Qf4 Qc3 39. Rc1 Qd3 40. Qg5 Qb3 (40... Qe4 $11) 41. Rd2 $16 Rd3 (41... Rxd2 $16 {was called for.} 42. Qxd2 Qb5) 42. Rxd3 $18 Qxd3 {[#]} 43. Qd8+ $1 Qxd8 44. Bxd8 {[%mdl 4096] Endgame KRB-KBN} Ne3 45. Bg5 Nf5 (45... Nd5 $142 46. g3 Kg7) 46. Rd1 Bd5 $2 (46... Kh7 {might work better.} 47. Rd8 Bd5) 47. g4 Ng7 48. Bf6 Ne8 49. g5 Nc7 50. Rd4 {Intending Rh4 and mate.} Kf8 51. Rh4 {[%cal Rh4h8]} Ke8 52. Rh8+ Kd7 53. Rf8 Kc6 54. Rxf7 Nb5 55. Bd8 Nd4 56. Kf2 Kb5 (56... Bb3 $142 57. Rf6 Bc2) 57. Rf6 Nc6 58. Bc7 Nxa5 59. Bxa5 Kxa5 60. Rxg6 {KR-KB. White mates.} Kb4 61. Rg8 a5 62. g6 {[%cal Bg5g6,Bg6g7][%mdl 32]} Be4 63. g7 Bh7 64. Rh8 {Precision: White = 57%, Black = 32%.} 1-0

[Event "XII Figueira da Foz Open 2018"]
[Site "Figueira da Foz"]
[Date "2018.11.01"]
[Round "5"]
[White "Elissalt Cardenas, Hector"]
[Black "Dionizio, Andre Filipe Nascim"]
[Result "1-0"]
[WhiteElo "2316"]
[BlackElo "2013"]
[Annotator "TA"]
[PlyCount "111"]
[EventDate "2018.10.30"]
[EventType "swiss"]
[EventCountry "POR"]
[SourceTitle "playchess.com"]
[Source "ChessBase"]
[SourceQuality "1"]

{[%evp 14,111,46,43,79,44,58,80,60,18,17,25,20,17,22,17,28,17,75,60,143,125,127,123,139,139,145,136,142,138,178,122,160,127,111,24,210,206,218,197,173,69,166,165,174,122,168,0,0,0,0,0,43,-14,0,0,0,-81,-114,-130,-135,-145,-143,-139,-118,-117,-126,-131,-120,-136,-85,-89,0,0,0,0,73,76,175,193,640,636,591,287,286,291,371,297,618,202,187,210,223,216,29993,29994,29998,1304,29986,29987]} 1. d4 Nf6 2. c4 g6 3. Nc3 Bg7 4. e4 d6 5. Be2 O-O 6. Be3 e5 7. d5 Na6 8. g4 {LiveBook: 106 Games. E73: King's Indian: Averbakh Variation without 6...c5} Ne8 $146 ({Predecessor:} 8... Nc5 9. f3 h5 10. g5 Nh7 11. h4 f6 12. gxf6 Bxf6 13. Bf2 Be7 14. Kd2 Rf4 15. Qe1 a5 {½-½ (30) L'Ami,E (2634)-Amin,B (2693) Wijk aan Zee 2018}) 9. h4 f5 $1 10. gxf5 {White is slightly better.} gxf5 {[%cal Bg6f5,Bf5f4][%mdl 32]} 11. h5 f4 $1 {[%cal Rf4e3]} 12. Bd2 Bh6 13. Qc2 Kh8 14. O-O-O Nc5 15. Nf3 Ng7 (15... Nf6 $11) 16. Rdg1 $16 Nd7 ({Better is} 16... Ne8 $14) 17. Qd1 Nf6 18. Kb1 Bd7 19. Nh4 Be8 20. Rg2 Rf7 21. Bf3 c6 22. Bc1 (22. c5 $18) 22... Rc7 23. dxc6 bxc6 24. Ng6+ (24. b3 $16) 24... Kg8 $2 {[#]} (24... hxg6 $11 {and Black has nothing to worry.} 25. hxg6 Ng8) 25. c5 $1 $18 {[%mdl 512]} Rd7 (25... dxc5 26. Nxe5) 26. cxd6 Rxd6 27. Qf1 (27. Qc2 $18) 27... Nd7 (27... Qa5 $1 $14) 28. Nh4 {Black must now prevent Nf5.} Kh8 29. Be2 (29. b3 $18) 29... Nf6 30. Ng6+ $2 (30. Rgh2 $18) 30... hxg6 $11 31. hxg6 Ng8 32. Bc4 {And now Bxg8 would win.} Ne6 33. g7+ ({White should try} 33. b3 $14) 33... Nxg7 34. Rgh2 Qg5 $1 35. Rg1 {[#]} (35. b3 $11 {remains equal.}) 35... Qf6 $1 $17 36. Rgh1 Bf7 37. b3 Rad8 38. Bb2 Ne6 39. f3 Nd4 40. Bxf7 Qxf7 41. Rh5 Re8 (41... Qf6 $142 42. Na4 Qg7 43. Bxd4 exd4) 42. Na4 Ree6 (42... Qg7 $17 43. Bxd4 exd4) 43. Nc5 $11 Re8 44. Nd3 Qg7 {[#]} (44... Qf6 $1 $11) 45. Rg1 $1 $16 {[%cal Rg1g7]} Qf6 (45... Rg6 $16 46. Rxg6 Qxg6 47. Rxe5 Rd8) 46. Qg2 $18 {Strongly threatening Nxe5!} Kh7 $2 {[#]} (46... Qf7 47. Rxe5 Rxe5 48. Nxe5 Qe8) 47. Nxe5 $1 {[%mdl 512]} Red8 (47... Rxe5 48. Qxg8#) 48. Ng4 (48. Bxd4 $142 Rxd4 49. Rf5 Rd1+ 50. Rxd1 Rxd1+ 51. Kc2 Qxf5 52. exf5) 48... Qf7 49. Rgh1 {Hoping for Bxd4.} c5 50. Rxc5 Ne6 $2 (50... Qe7 51. Qf2 Qf7) 51. Rd5 $2 $40 {[%mdl 128] White goes for the king.} (51. Rf5 Qg6 52. Nf6+ Nxf6 53. Qxg6+ Kxg6 54. Rxf6+ Kg5 55. Rhxh6 Rd1+ 56. Bc1) 51... Rxd5 52. exd5 Ng5 53. Nxh6 Qxd5 $2 (53... Nxh6 $18 54. Qxg5 Qg6+ 55. Qxg6+ Kxg6) 54. Nf7+ Kg6 55. Nxd8 (55. Nh8+ $142 Kf5 56. Qg4#) 55... Qxd8 56. Qc2+ {Precision: White = 52%, Black = 39%.} 1-0

[Event "XII Figueira da Foz Open 2018"]
[Site "Figueira da Foz"]
[Date "2018.11.01"]
[Round "5"]
[White "Garcia Dorado, Alberto"]
[Black "Fernandes, Joao Pedro Murtinho"]
[Result "1-0"]
[WhiteElo "2206"]
[BlackElo "2067"]
[Annotator "TA"]
[PlyCount "89"]
[EventDate "2018.10.30"]
[EventType "swiss"]
[EventCountry "POR"]
[SourceTitle "playchess.com"]
[Source "ChessBase"]
[SourceQuality "1"]

{[%evp 22,89,40,29,64,60,86,82,89,22,67,59,67,53,57,39,69,63,68,37,36,57,54,44,60,46,57,37,39,50,50,46,64,51,109,0,59,56,70,51,64,75,56,9,64,52,143,99,91,137,258,302,283,34,319,294,503,104,364,43,25,37,709,695,29996,29997,29997,29998,29998,29999]} 1. d4 Nf6 2. c4 c5 3. Nf3 cxd4 4. Nxd4 e6 5. g3 a6 6. Bg2 Qc7 7. b3 Bb4+ 8. Bd2 Be7 9. O-O O-O 10. Nc3 Nc6 11. Nc2 d6 12. e4 Bd7 {A32: Symmetrical English: 2 Nf3 Nf6 3 d4 cxd4 4 Nxd4 e6} 13. Qe2 {[#]} Ne5 $146 ({Predecessor:} 13... Rfe8 14. Rfe1 Rab8 15. Rac1 Ne5 16. h3 Bf8 17. f4 {0-1 (41) Denishev,M (2210)-Kryakvin,D (2573) St Petersburg 2013}) 14. f4 Ng6 {White is better.} 15. Rac1 (15. a4 $16) 15... Rac8 16. Kh1 Rfe8 17. Rfe1 {Black must now prevent e5.} h5 18. h3 h4 19. g4 $1 Nh7 20. Qf2 b5 21. cxb5 axb5 22. Ne2 Qb8 23. Nb4 Bd8 24. Rxc8 Bxc8 25. Nc3 Bd7 26. Rd1 Ba5 27. Ne2 Rc8 (27... Nf6 $14) 28. Nc1 (28. f5 $16 Ne5 29. Qxh4) 28... Nf6 (28... Bxb4 $11 29. Bxb4 Qa8) 29. Ncd3 $14 Bb6 30. Qe1 Qa7 31. Qe2 Bd4 32. g5 Ne8 (32... Nh7 $1 $11) 33. Rf1 (33. f5 $5 Ne5 34. Rf1 $14) 33... Qb6 (33... Ne7 $14) 34. Qe1 Nc7 35. f5 exf5 (35... Ne7 $16 {was called for.}) 36. exf5 $18 Re8 37. Qd1 $2 (37. fxg6 $18 Rxe1 38. gxf7+ Kf8 39. Bxe1) 37... Ne5 $2 {[%mdl 8192]} (37... Ne7 $1 $14) 38. Nf4 Qc5 $2 {[#]} (38... Bf2 39. g6 Bxf5) 39. f6 $2 (39. g6 $1 $18 {is the precise move to win.}) 39... Bf5 $2 {[%mdl 8192]} (39... g6 $16) 40. Nfd5 $2 (40. Nh5 $18) 40... Nxd5 $14 41. Nxd5 Bd3 $2 {[%mdl 8192]} (41... Bxh3 $14 42. Ne7+ {[#]} Rxe7 $1 {[%mdl 512]} 43. fxe7 Bxg2+ 44. Kxg2 Qc6+ 45. Kh3 Qd7+ 46. Kxh4 Qxe7) 42. Ne7+ $18 Kh8 43. Qh5+ {White mates.} Bh7 44. fxg7+ Kxg7 45. Qh6+ {Precision: White = 48%, Black = 34%.} 1-0

[Event "XII Figueira da Foz Open 2018"]
[Site "Figueira da Foz"]
[Date "2018.11.01"]
[Round "5"]
[White "Santos, Antonio P"]
[Black "Romanishin, Oleg M"]
[Result "1/2-1/2"]
[WhiteElo "2155"]
[BlackElo "2443"]
[Annotator "TA"]
[PlyCount "88"]
[EventDate "2018.10.30"]
[EventType "swiss"]
[EventCountry "POR"]
[SourceTitle "playchess.com"]
[Source "ChessBase"]
[SourceQuality "1"]

{[%evp 20,88,43,13,84,61,47,39,53,52,52,50,52,48,47,42,53,29,37,42,36,48,79,41,37,44,41,24,29,43,25,0,0,0,48,19,46,12,12,13,13,0,0,0,0,-8,0,-4,-8,-8,-8,-8,-5,-8,-8,-16,-7,-7,0,0,0,0,-3,-6,0,0,0,0,0,0,0]} 1. d4 Nf6 2. c4 e6 3. Nf3 Bb4+ 4. Bd2 c5 5. Bxb4 cxb4 6. e3 b6 7. a3 {E11: Bogo-Indian} bxa3 8. Rxa3 Bb7 9. Nc3 O-O 10. Be2 Nc6 11. O-O {LiveBook: 4 Games} Qc7 $146 (11... Nb4 $11) ({Predecessor:} 11... Nb4 12. Ne5 {½-½ (12) Polak,T (2516)-Yemelin,V (2556) Czech Republic 2017}) 12. Qb1 d6 13. d5 exd5 14. cxd5 Ne5 15. Nxe5 dxe5 16. e4 a6 17. Nd1 b5 18. Rc3 Qb6 19. Ne3 Bc8 20. Rc6 Qd8 21. b4 Bd7 22. Rc5 Qb6 23. Rfc1 a5 24. bxa5 Rxa5 25. Nc4 Qxc5 26. Nxa5 Qd4 27. Bf3 Qb6 28. Nc6 (28. Qb4 {is interesting.} Ra8 29. Nb3 Ra4 30. Qe7 Qb8 31. Nc5) 28... Bxc6 $1 {The position is equal.} 29. Rxc6 Qd4 30. Qxb5 Nxe4 31. Bxe4 Qxe4 32. Qc4 Qxc4 33. Rxc4 $11 {[%mdl 4096] Endgame KR-KR} Rd8 34. f3 Kf8 35. Rc5 Ke7 36. Kf2 Kd6 37. Ra5 Rc8 38. g4 Rc2+ 39. Kg3 Rc5 40. Ra7 Rc7 41. Ra5 g5 42. h4 gxh4+ 43. Kxh4 Rc3 44. Ra6+ Kxd5 {Precision: White = 63%, Black = 58%.} 1/2-1/2